000 00656nam a2200277Ia 4500
005 20260324123625.0
008 008 260324s9999 xx 000 0 eng d
020 _a9781315553818
037 _aEBOOK
040 _aCRL
040 _beng
040 _cCRL
041 _2eng
041 _aeng
084 _qCRL
100 _aPippa Drummond
_91171018
245 4 _aThe Provincial Music Festival in England, 1784–1914
260 _bTaylor and Francis
260 _c2011
365 _a
365 _b240
856 _uhttp://www.taylorfrancis.com/books/9781315553818
942 _cEBOOK
999 _c1764707
_d1764707